000
00276nam a22001217a 4500
008
180802b xxu||||| |||| 00| 0 eng d
082
_a
813.52
245
_a
Business a Changing World
_c
Ferrell
260
_c
2003
300
_a
1
_f
CD
440
_x
0072515783
942
_2
ddc
_c
MX
999
_c
46718
_d
46718